banner-ar

تصميم البرنامج التربوى للطفل (فى مرحلة ماقبل المدرسة) / (Record no. 45514)

MARC details
000 -الفاتح
حقل البيانات ثابتة الطول 00951nam a2200241Ia 4500
005 - وقت وتاريخ اخر تعامل مع التسجيلة
رقم الضبط 20240530104217.0
008 - عناصر البيانات ثابتة الطول - معلومات عامة
حقل البيانات ثابتة الطول 140319s199? ua 000 0 ara d
040 ## - مصدر الفهرسة
وكالة الفهرسة الأصلية GCL /
وكالة النسخ GCL
082 04 - رقم تصنيف ديوى العشرى
رقم التصنيف 372.21/
رقم المادة ى ت
100 0# - المدخل الرئيسى - إسم شخصى
الإسم الشخصى يسرية صادق
245 10 - بيان العنوان
العنوان تصميم البرنامج التربوى للطفل (فى مرحلة ماقبل المدرسة) /
بيان المسئوليه,etc اعداد يسرية صادق، زكريا الشربينى ؛ تقديم فوزية دياب
260 ## - PUBLICATION, DISTRIBUTION, ETC. (IMPRINT)
تاريخ النشر أو التوزيع [199-].
300 ## - الوصف المادى
التعداد 345 ص
490 ## - بيان السلسلة
عنوان السلسلة دراسات فى الطفولة
رقم المجلد/ التعيين التسلسلي 0
650 04 - المدخل الاضافى بالموضوع-مصطلح موضوعى
مصطلح موضوعي علم النفس التربوى
650 04 - المدخل الاضافى بالموضوع-مصطلح موضوعى
مصطلح موضوعي علم النفس الارتقائى
650 04 - المدخل الاضافى بالموضوع-مصطلح موضوعى
مصطلح موضوعي الطفل والمدرسة
650 04 - المدخل الاضافى بالموضوع-مصطلح موضوعى
مصطلح موضوعي اطفال ما قبل المدرسة
700 1# - المدخل الاضافى - اسم شخصى
الإسم الشخصى فوزىة دياب
الدور مقدم
700 1# - المدخل الاضافى - اسم شخصى
الإسم الشخصى زكريا الشربينى
الدور مؤلف مشارك
942 ## - عناصر المدخل الإضافي( كوها)
مصدر التصنيف او مخطط الترفيف Dewey Decimal Classification
Koha [default] item type كتاب
260 ## - PUBLICATION, DISTRIBUTION, ETC. (IMPRINT)
-- القاهرة :
-- دار الفكر الجامعى،
Holdings
حالة التراجع حالة الفقد حالة تلف ليس للاعارة المكان المؤقت الموقع الحالى تاريخ الاكتساب اجمالي اﻻعارات رقم الطلب الباركود تاريخ اخر مشاهدة تاريخ تفعيل السعر نوع وعاء كوها
        مكتبة القاهرة الكبرى مكتبة القاهرة الكبرى 03/26/2014   372.21\ى ت 111006 03/26/2014 03/26/2014 كتاب
        مكتبة القاهرة الكبرى مكتبة القاهرة الكبرى 03/26/2014   372.21\ى ت 111007 03/26/2014 03/26/2014 كتاب
        مكتبة القاهرة الكبرى مكتبة القاهرة الكبرى 03/26/2014   372.21\ى ت 111008 03/26/2014 03/26/2014 كتاب

Powered By

EGPV